UM Logo

Component-level semiconductor loss balancing for igbt based high power mmc through insertion index modification / (Record no. 21450)

MARC details
000 -LEADER
fixed length control field 01102nam a22002657a 4500
003 - CONTROL NUMBER IDENTIFIER
control field OSt
005 - DATE AND TIME OF LATEST TRANSACTION
control field 20250403101934.0
008 - FIXED-LENGTH DATA ELEMENTS--GENERAL INFORMATION
fixed length control field 240910b ||||| |||| 00| 0 eng d
040 ## - CATALOGING SOURCE
Transcribing agency 0
082 ## - DEWEY DECIMAL CLASSIFICATION NUMBER
Classification number DPer 621.317 Ie21 December 2022 v.37 n. 12 part 1&2.
100 ## - MAIN ENTRY--PERSONAL NAME
Personal name Xu, Bin.
Relator term authoir.
9 (RLIN) 60553
245 ## - TITLE STATEMENT
Title Component-level semiconductor loss balancing for igbt based high power mmc through insertion index modification /
Statement of responsibility, etc. Bin Xu, Li Tu, Shaoyan Gong, Chong Gao, and Zhiyuan He,
260 ## - PUBLICATION, DISTRIBUTION, ETC. (IMPRINT)
Place of publication, distribution, etc. New York ;
Name of publisher, distributor, etc. The Institute of Electrical and Electronics Engineers, Inc.,
Date of publication, distribution, etc. December 2022.
300 ## - PHYSICAL DESCRIPTION
Extent volume 37, pages 14781-14794,
Other physical details illustration.
500 ## - GENERAL NOTE
General note IEEE Transactions on Power Electronics, v. 37 n. 12, pages 14781-14794, December 2022.
650 #0 - SUBJECT ADDED ENTRY--TOPICAL TERM
Topical term or geographic name as entry element Conduction loss.
9 (RLIN) 66140
650 #0 - SUBJECT ADDED ENTRY--TOPICAL TERM
Topical term or geographic name as entry element insertion index.
9 (RLIN) 66141
650 #0 - SUBJECT ADDED ENTRY--TOPICAL TERM
Topical term or geographic name as entry element loss balancing.
9 (RLIN) 66142
700 ## - ADDED ENTRY--PERSONAL NAME
Personal name Xu, Bin.
Relator term author.
9 (RLIN) 60553
700 ## - ADDED ENTRY--PERSONAL NAME
Personal name Tu, Li.
Relator term author.
9 (RLIN) 60554
700 ## - ADDED ENTRY--PERSONAL NAME
Personal name Gong, Shaoyan.
Relator term author.
9 (RLIN) 60555
700 ## - ADDED ENTRY--PERSONAL NAME
Personal name Gao, Chong.
Relator term author.
9 (RLIN) 60556
700 ## - ADDED ENTRY--PERSONAL NAME
Personal name He, Zhiyuan.
Relator term author.
9 (RLIN) 60557
942 ## - ADDED ENTRY ELEMENTS (KOHA)
Source of classification or shelving scheme Dewey Decimal Classification
Koha item type Periodicals
Holdings
Withdrawn status Lost status Source of classification or shelving scheme Damaged status Not for loan Collection code Home library Current library Date acquired Total Checkouts Full call number Date last seen Price effective from Koha item type Public note
    Dewey Decimal Classification     Periodicals UM Digos College - LIC UM Digos College - LIC 09/10/2024   DPer 621.317 Ie21 December 2022 v.37 n. 12 part 1&2. 09/10/2024 09/10/2024 Periodicals Periodical Article